00314 a2200109 4500001001000000005001700010008004100027245003900068100001700107773006300124999001700187ART_1129220260410161856.0260409a 10aHacia una programación monetaria1 aLuna, Manuel0 tRevista de Economíag- Nº 28 (ene./dic. 1980)wREV11077 c25435d25435